000 00377nam a2200169Ia 4500
008 210210b1953 xxu||||| |||| 00| 0 eng d
041 _aeng
082 _a872/99
100 _aSURENDRAN (K)
245 _aKalyayum samanya janangalum
260 _a
_b-
_c1953
650 _asamanya
650 _aKalyayum
650 _ajanangalum
690 _aMalayalam
906 _a002506
999 _c124477
_d124477